Samajshatra : Nai dishaey (Record no. 1386619)

MARC details
000 -LEADER
fixed length control field 00578nam a2200217Ia 4500
005 - DATE AND TIME OF LATEST TRANSACTION
control field 20250508164024.0
008 - FIXED-LENGTH DATA ELEMENTS--GENERAL INFORMATION
fixed length control field 008 250505s9999 xx 000 0 hin d
037 ## - SOURCE OF ACQUISITION
Stock number TextBook
040 ## - CATALOGING SOURCE
Original cataloging agency FEDL
Language of cataloging eng
Transcribing agency FEDL
041 ## - LANGUAGE CODE
Language code of text/sound track or separate title hin
Source of code eng
084 ## - COLON CLASSIFICATION NUMBER
Classification number 301, DOS
Assigning agency FEDL
100 ## - MAIN ENTRY--PERSONAL NAME
Personal name Doshi S L
9 (RLIN) 138730
245 #0 - TITLE STATEMENT
Title Samajshatra : Nai dishaey
260 ## - PUBLICATION, DISTRIBUTION, ETC.
Place of publication, distribution, etc. Jaipur, India
Name of publisher, distributor, etc. National Publishing House
Date of publication, distribution, etc. 2002
300 ## - PHYSICAL DESCRIPTION
Extent xiv, 481p
365 ## - TRADE PRICE
Price type code INR
Price amount 150
650 ## - SUBJECT ADDED ENTRY--TOPICAL TERM
Topical term or geographic name entry element Sociology
700 ## - ADDED ENTRY--PERSONAL NAME
Personal name Jain P C
9 (RLIN) 777096
942 ## - ADDED ENTRY ELEMENTS (KOHA)
Koha item type Textbook
Classification part 301, DOS
Holdings
Withdrawn status Lost status Damaged status Not for loan Home library Current library Date acquired Cost, normal purchase price Total Checkouts Full call number Barcode Date last seen Price effective from Koha item type
        Department of Education Library Department of Education Library 2025-05-08 150.00   301, DOS EL0080224 2025-05-08 2025-05-08 Textbook
Copyright @ Delhi University Library System